| 000 | 00503nam a2200157 i 4500 | ||
|---|---|---|---|
| 001 | 27872 | ||
| 003 | ES-MaACL | ||
| 005 | 20230906153724.0 | ||
| 007 | t| | ||
| 008 | 030115s1899 sp ||||1| spa d | ||
| 110 | 2 |
_aGranada. _bAyuntamiento. _94486 |
|
| 245 | 1 | 0 |
_aFiestas del SantÃsimo Corpus Chrisi 1899 _b: Exposición de Bellas Artes y Artes Decorativas [Reglamento] / _cAyuntamiento de Granada. |
| 260 |
_aGranada : _b[s.n.], _c1899. |
||
| 300 |
_a10 p. ; _c22 cm. |
||
| 852 |
_aES-MaACL _jT-865-F-4 |
||
| 999 |
_c27872 _d27872 |
||